Los océanos: medio ambiente, recursos y políticas marinas
Saved in:
| Hovedforfatter: | |
|---|---|
| Format: | Bog |
| Sprog: | spansk |
| Udgivet: |
Barcelona
Del Serbal
2001
|
| Serier: | Colección La Estrella Polar, 25
|
| Fag: | |
| Tags: |
Tilføj Tag
Ingen Tags, Vær først til at tagge denne postø!
|
MARC
| LEADER | 00000nam a2200000 a 4500 | ||
|---|---|---|---|
| 001 | UCN7386 | ||
| 003 | CL-VaPUC | ||
| 008 | 011018e20010000SP |||||||||||||||||spa|d | ||
| 082 | 0 | 4 | |a 551.46 |b SUA |2 21 |
| 100 | 0 | |a Suárez de Vivero, Juan Luis |e author |9 463360 | |
| 245 | 1 | 4 | |a Los océanos: medio ambiente, recursos y políticas marinas |
| 300 | |a 308 p | ||
| 942 | |c BK | ||
| 945 | |d 20011018 00:00:00 |a cmena | ||
| 260 | |a Barcelona |b Del Serbal |c 2001 | ||
| 650 | 0 | |a Oceanografía |9 260014 | |
| 650 | 0 | |a Derecho marítimo |9 255301 | |
| 650 | 7 | |a CUENCAS MARINAS |2 CL-VaPUC |9 463361 | |
| 650 | 0 | |a Contaminación ambiental |9 314181 | |
| 650 | 0 | |a Recursos naturales |9 255232 | |
| 650 | 0 | |a Protección del medio ambiente |9 257626 | |
| 650 | 0 | |a Gestión ambiental |9 338121 | |
| 583 | |a last modification |c 20011018 00:00:00 |k Rodrigo Vera | ||
| 490 | 0 | |a Colección La Estrella Polar, 25 | |
| 999 | |c 297751 |d 297749 | ||
| 952 | |0 0 |1 0 |4 0 |6 551_460000000000000_SUA_2001 |7 0 |8 A |9 352712 |a BIBING |b BIBING |d 2019-11-21 |i 3763854 |o 551.46 SUA 2001 |p 3763854 |r 2025-01-20 |w 2019-11-21 |y BK |k GEO | ||
| 952 | |0 0 |1 0 |4 0 |6 551_460000000000000_SUA_2001 |7 0 |8 A |9 352713 |a BIBING |b BIBING |d 2019-11-21 |i 381792K |o 551.46 SUA 2001 |p 381792K |r 2025-01-20 |w 2019-11-21 |y BK |k GEO | ||